000 00413 a2200145 4500
003 Nust
005 20170207154009.0
040 _cNust
100 _aPGP
245 _aCryptography (E-Book)
_ban introduction
_cPGP
260 _aUSA
_b Network Associates, Inc. and its Affiliated Companies.
_c1990
300 _ax.80,p
505 _aThe Basics of Cryptography(Page-11) Phil Zimmermann on PGP(Page-39)
651 _aE-Book
942 _2ddc
_cBK
999 _c191129
_d191129